WordPerfect for Windows :the complete reference. / (Record no. 2190)
[ view plain ]
| 000 -LEADER | |
|---|---|
| fixed length control field | 01425cam a2200301 a 4500 |
| 001 - CONTROL NUMBER | |
| control field | 2511660 |
| 005 - DATE AND TIME OF LATEST TRANSACTION | |
| control field | 20210414114131.0 |
| 008 - FIXED-LENGTH DATA ELEMENTS--GENERAL INFORMATION | |
| fixed length control field | 920501s1992 caua 001 0 eng |
| 010 ## - LIBRARY OF CONGRESS CONTROL NUMBER | |
| LC control number | 92154631 |
| 020 ## - INTERNATIONAL STANDARD BOOK NUMBER | |
| International Standard Book Number | 0078810183 : |
| Terms of availability | $29.95 |
| 040 ## - CATALOGING SOURCE | |
| Original cataloging agency | DLC |
| Transcribing agency | DLC |
| Modifying agency | DLC |
| 050 00 - LIBRARY OF CONGRESS CALL NUMBER | |
| Classification number | Z52.5.W65 D97 |
| 082 00 - DEWEY DECIMAL CLASSIFICATION NUMBER | |
| Classification number | 652.5/536 |
| Edition number | 20 |
| 100 1# - MAIN ENTRY--PERSONAL NAME | |
| Personal name | Dyson, Steve. |
| 245 10 - TITLE STATEMENT | |
| Title | WordPerfect for Windows :the complete reference. / |
| Statement of responsibility, etc. | Steve Dyson, Daniel J. Fingerman, Stephen Cobb. |
| 260 ## - PUBLICATION, DISTRIBUTION, ETC. | |
| Place of publication, distribution, etc. | Berkeley : |
| Name of publisher, distributor, etc. | Osborne McGraw-Hill, |
| Date of publication, distribution, etc. | 1992. |
| 300 ## - PHYSICAL DESCRIPTION | |
| Extent | xix, 763 p. : |
| Other physical details | ill. ; |
| Dimensions | 24 cm. |
| 500 ## - GENERAL NOTE | |
| General note | "Covers version 5.1"--Cover. |
| 500 ## - GENERAL NOTE | |
| General note | Includes index. |
| 505 ## - FORMATTED CONTENTS NOTE | |
| Formatted contents note | Contents: Getting started with wordperfect for windows: Windows and wordperfect -- Wordperfect for windows basics -- Tools and techniques -- Exploring more advanced features: Using the file manager -- Working with your printer -- Merger applications -- Desktop publishing with wordperfect for windows -- Applications for macros -- Spreadsheet and database files -- Command reference: Commands and features -- Appendixes. |
| 630 00 - SUBJECT ADDED ENTRY--UNIFORM TITLE | |
| Uniform title | WordPerfect (Computer file) |
| 650 #0 - SUBJECT ADDED ENTRY--TOPICAL TERM | |
| Topical term or geographic name entry element | Word processing. |
| 700 1# - ADDED ENTRY--PERSONAL NAME | |
| Personal name | Fingerman, Daniel J. |
| 700 1# - ADDED ENTRY--PERSONAL NAME | |
| Personal name | Cobb, Stephen, |
| Dates associated with a name | 1952- |
| 906 ## - LOCAL DATA ELEMENT F, LDF (RLIN) | |
| a | 7 |
| b | cbc |
| c | orignew |
| d | 2 |
| e | ncip |
| f | 19 |
| g | y-gencatlg |
| 942 ## - ADDED ENTRY ELEMENTS (KOHA) | |
| Source of classification or shelving scheme | Library of Congress Classification |
| Koha item type | Books |
| Withdrawn status | Lost status | Source of classification or shelving scheme | Damaged status | Not for loan | Home library | Current library | Shelving location | Date acquired | Total Checkouts | Full call number | Barcode | Date last seen | Copy number | Price effective from | Koha item type |
|---|---|---|---|---|---|---|---|---|---|---|---|---|---|---|---|
| Library of Congress Classification | WISCONSIN INTERNATIONAL UNIVERSITY COLLEGE, GHANA - MAIN LIBRARY | WISCONSIN INTERNATIONAL UNIVERSITY COLLEGE, GHANA - MAIN LIBRARY | General Stacks | 27/08/2012 | Z52.5.W65 D97 | 5610/12 | 27/08/2012 | 1 | 27/08/2012 | Books |
